|
|
|
|
| LEADER |
00000nam0a2200000 4500 |
| 001 |
100639 |
| 005 |
20231031112151.0 |
| 010 |
|
|
|a 5852750719
|
| 020 |
|
|
|a RU
|b 94-13016
|
| 035 |
|
|
|a (RuTPU)RU\TPU\book\108303
|
| 090 |
|
|
|a 100639
|
| 100 |
|
|
|a 20060824d1994 m y0rusy5003 ca
|
| 101 |
1 |
|
|a rus
|c eng
|
| 102 |
|
|
|a RU
|
| 105 |
|
|
|a a z 000ay
|
| 200 |
1 |
|
|a Тайна спирального моста
|e [пер. с англ.]
|f Франклин Диксон
|g [Ил. Е. Виноградовой]
|
| 210 |
|
|
|a Москва
|c Совершенно секретно
|d 1994
|
| 215 |
|
|
|a 269,[2] с.
|c ил.
|d 21 см
|
| 225 |
1 |
|
|a Детский детектив
|
| 464 |
|
|
|t Тайна старой мельницы
|
| 464 |
|
|
|t Тайна спирального моста
|
| 610 |
1 |
|
|a детективные романы
|
| 675 |
|
|
|a 82
|z rus
|v 3
|
| 700 |
|
1 |
|a Диксон
|b Ф.
|g Франклин
|4 070
|
| 702 |
|
1 |
|a Виноградова
|b Е.
|4 440
|
| 801 |
|
0 |
|a RU
|b RuMRKP
|c 19950413
|g psbo
|
| 801 |
|
1 |
|a RU
|b 63413507
|c 20060824
|g PSBO
|
| 801 |
|
2 |
|a RU
|b 63413507
|c 20060824
|g PSBO
|
| 942 |
|
|
|c BK
|